Navigating the Shades and Nexus of Ghanaian Pentecostalism(S): A Search for an Appropriate Metaphor
This paper explores the diversities as well as unifying features of Ghanaian Pentecostal-Charismatic Christianity. From an emic point of view as a Ghanaian Pentecostal cleric and a Pentecostal scholar, the author analyses a compendium of scholarly literature of various typologies and nomenclature us...
| Main Author: | |
|---|---|
| Format: | Electronic Article |
| Language: | English |
| Check availability: | HBZ Gateway |
| Interlibrary Loan: | Interlibrary Loan for the Fachinformationsdienste (Specialized Information Services in Germany) |
| Published: |
2020
|
| In: |
Ghana journal of religion and theology
Year: 2020, Volume: 10, Issue: 1, Pages: 27-46 |
| Further subjects: | B
Wave Metaphor
B Pentecostal-charismatic B Ghana B Christianity B Typology |
| Online Access: |
Volltext (kostenfrei registrierungspflichtig) |
MARC
| LEADER | 00000naa a22000002c 4500 | ||
|---|---|---|---|
| 001 | 1923892363 | ||
| 003 | DE-627 | ||
| 005 | 20250429131542.0 | ||
| 007 | cr uuu---uuuuu | ||
| 008 | 250429s2020 xx |||||o 00| ||eng c | ||
| 035 | |a (DE-627)1923892363 | ||
| 035 | |a (DE-599)KXP1923892363 | ||
| 040 | |a DE-627 |b ger |c DE-627 |e rda | ||
| 041 | |a eng | ||
| 084 | |a 0 |a 1 |2 ssgn | ||
| 100 | 1 | |e VerfasserIn |0 (DE-588)1268036471 |0 (DE-627)181663235X |4 aut |a Tsekpoe, Christian | |
| 109 | |a Tsekpoe, Christian | ||
| 245 | 1 | 0 | |a Navigating the Shades and Nexus of Ghanaian Pentecostalism(S): A Search for an Appropriate Metaphor |
| 264 | 1 | |c 2020 | |
| 336 | |a Text |b txt |2 rdacontent | ||
| 337 | |a Computermedien |b c |2 rdamedia | ||
| 338 | |a Online-Ressource |b cr |2 rdacarrier | ||
| 520 | |a This paper explores the diversities as well as unifying features of Ghanaian Pentecostal-Charismatic Christianity. From an emic point of view as a Ghanaian Pentecostal cleric and a Pentecostal scholar, the author analyses a compendium of scholarly literature of various typologies and nomenclature used to delineate the various shades of Ghanaian Pentecostalism(s). The paper contends that even though there are divergent perspectives and emphases within the movement, Ghanaian Pentecostal-Charismatic Christianity is bound together within a nexus of shared elements. The fact is that the movement can be considered from a unified perspective rather than a rambling and disjointed phenomenon. The paper, therefore, finds the use of a wave metaphor in describing the movement more appropriate than the use of descriptive typologies. | ||
| 650 | 4 | |a Christianity | |
| 650 | 4 | |a Ghana | |
| 650 | 4 | |a Pentecostal-charismatic | |
| 650 | 4 | |a Typology | |
| 650 | 4 | |a Wave Metaphor | |
| 773 | 0 | 8 | |i Enthalten in |t Ghana journal of religion and theology |d Legon, Accra, Ghana : Department for the Study of Religions, University of Ghana, 2017 |g 10(2020), 1, Seite 27-46 |h Online-Ressource |w (DE-627)1733683755 |w (DE-600)3038506-4 |7 nnas |
| 773 | 1 | 8 | |g volume:10 |g year:2020 |g number:1 |g pages:27-46 |
| 856 | 4 | 0 | |u https://journals.ug.edu.gh/index.php/gjrt/article/view/1204 |x Verlag |z kostenfrei registrierungspflichtig |3 Volltext |7 1 |
| 951 | |a AR | ||
| ELC | |a 1 | ||
| LOK | |0 000 xxxxxcx a22 zn 4500 | ||
| LOK | |0 001 4715941988 | ||
| LOK | |0 003 DE-627 | ||
| LOK | |0 004 1923892363 | ||
| LOK | |0 005 20250429131542 | ||
| LOK | |0 008 250429||||||||||||||||ger||||||| | ||
| LOK | |0 040 |a DE-Tue135 |c DE-627 |d DE-Tue135 | ||
| LOK | |0 092 |o n | ||
| LOK | |0 852 |a DE-Tue135 | ||
| LOK | |0 852 1 |9 00 | ||
| LOK | |0 935 |a ixzs |a ixzo |a ixrk | ||
| LOK | |0 939 |a 29-04-25 |b l01 | ||
| OAS | |a 1 | ||
| ORI | |a SA-MARC-ixtheoa001.raw | ||
| REL | |a 1 | ||
| STA | 0 | 0 | |a Ghana,Ghana,Ghana,Colony,Southern Ghana,Northern Ghana |
| SUB | |a REL | ||
| SYE | 0 | 0 | |a Republic of Ghana,Republik Ghana |